Responses for Show #8710 - Friday, September 30, 2022

David Sibley game 5.
Cris Pannullo game 1.

Contestants

[<< previous game]

Cris Pannullo, a customer success operations manager from Ocean City, New Jersey

Pam Warren, a high school science teacher from Petersburg, Illinois

David Sibley, an Episcopal priest from Walla Walla, Washington (whose 4-day cash winnings total $78,098)

[next game >>]

Jeopardy! Round responses

SUPERNATURAL STORIES
OFFICIAL STATE STUFF
SANDWICHES
A PRO TEAM IN THAT SPORT
POPES UNDER THE SCOPE
IT'S "OVER"
    $200 23
zombies

Cris
    $200 30
tortoise

Pam
    $200 28
banana

David
    $200 29
baseball

Cris
    $200 21
(Pam: What is archbishop?)

cardinal

DavidPam
    $200 12
Passover

Pam
    $400 9
the Headless Horseman

Pam
    $400 19
tomato

Cris
    $400 17
New Orleans

Cris
    $400 26
(Ken: Yes, with less than a minute to go in the round.)

cricket

David
    $400 20
Bishop

David
    $400 11
overactive

David
    $600 10
(Ken: From [*]'s Baby.)

Rosemary

Cris
    $600 27
(David: What is "Home On The Plain"?)

"Home On The Range"

DavidCris
    $600 8
(David: What is a roll?)
(Pam: What is roulade?)

pinwheels

DavidPam
Triple Stumper
    $600 1
Canadian football (the CFL)

Cris
    $600 16
the popemobile

Pam
    $600 5
a comb over

Pam
    $1,000 2
Twilight

Cris
    $800 22
(Nathan) Hale

Pam
    $800 13
a torta

David
    $800 4
(Cris: What is the WNBA?)
(Ken: Hmm...)
(Cris: Women's [*]?)
(Ken: [*] is the sport, yes.)

basketball

Cris
    $800 15
the Swiss Guard

David
    $800 6
(Pam: What is Somewhere [*]?)

"Over The Rainbow"

Pam
    $1000 25
Lestat

Cris
    $1000 24
pumpkin pie

Pam
    $1000 18
(Ken: Yes, it looks delicious.)

bánh mì

Pam
    $1000 3
professional hockey

David
    $1000 14
(David: Who are the Medicis?)
...
(Ken: There were Medici popes, but Alexander was [*].)

a Borgia

David
Triple Stumper
    $1000 7
Overlord

Cris

Scores at the first commercial break (after clue 15):

David Pam Cris
$1,400 $1,400 $4,000

Scores at the end of the Jeopardy! Round:

David Pam Cris
$2,000 $4,800 $6,800

Double Jeopardy! Round responses

BODIES OF WATER
AS CREDITED ON THEIR IMDb PAGE
SAME FIRST & LAST CONSONANT
BEG
BORROW
STEEL
    $400 29
[The end-of-round signal sounds.]

a fjord

Pam
    $400 26
Jennifer Lopez

Pam
    $400 22
Henry VIII

David
    $400 27
Catherine of Cambridge (Kate Middleton)

David
    $400 24
(Ken: With less than a minute.)

stainless steel

David
    $800 28
the Gulf of Riga

David
    $800 11
Oscar Isaac

Triple Stumper
    $800 15
hitch

Pam
    $4,000 9
de Gaulle

Pam
    $800 4
(Ken: Yes, this time you beat Pam to the Bible question.)

Moses

David
    $800 25
cast

Cris
    $7,000 2
the Strait of Gibraltar

Cris
    $1200 13
(Pam: Who is Matt Damon?)
...
(Ken: Ten more in Ocean's Eleven, this is [*].)

Brad Pitt

Pam
Triple Stumper
    $1200 10
wallow

Cris
    $1200 23
mendicant

Cris
    $1200 5
a home equity line of credit

David
    $1200 8
zinc

Pam
    $1600 1
Shangrila

Cris
    $1600 14
Tessa Thompson

Triple Stumper
    $1600 16
lacrimal

David
    $1600 3
Esther

Pam
    $1600 6
Chipotle

Cris
    $1600 7
(David: What is tempered iron?)

wrought (iron)

DavidCris
    $2000 19
Beaufort

Cris
    $2000 21
(Sebastian) Stan

Cris
    $2000 17
(Ken: Not quite celery, but [*].)

celeriac

Triple Stumper
    $2000 18
(David: Who are Sacco and Vanzetti?)

Leopold & Loeb

DavidCris
    $2000 20
Cerberus

Cris
    $2000 12
tungsten

Pam

Scores at the end of the Double Jeopardy! Round:

David Pam Cris
$4,000 $14,000 $29,800
(lock game)

[wagering suggestions for these scores]

Final Jeopardy! Round responses

BEFORE THEY WERE AUTHORS
(Ken: [To David] Creator of 007, James Bond, that's correct.)
DavidWho is Ian Fleming?
$3
PamWho is Ian Fleming?
$13,995
CrisWho is Orwell
$221
Ian Fleming

Final scores:

David Pam Cris
$4,003 $27,995 $29,579
3rd place: $1,000 2nd place: $2,000 New champion: $29,579

Game dynamics:

Coryat scores:

David Pam Cris
$4,000 $10,800 $23,800
15 R,
5 W
16 R
(including 1 DD),
3 W
22 R
(including 2 DDs),
0 W

Combined Coryat: $38,600

[game clues] [game scores] [suggest correction]

Game tape date: 2022-08-08
The J! Archive is created by fans, for fans. Scraping, republication, monetization, and malicious use prohibited; this site may use cookies and collect identifying information. See terms. The Jeopardy! game show and all elements thereof, including but not limited to copyright and trademark thereto, are the property of Jeopardy Productions, Inc. and are protected under law. This website is not affiliated with, sponsored by, or operated by Jeopardy Productions, Inc. Join the discussion at JBoard.tv.